| Tag |
First Indicator |
Second Indicator |
Subfields |
| LEADER |
00000cam a2200000 4500 |
| 001 |
in00000031707 |
| 005 |
20151007063100.0 |
| 008 |
761213s1939 nyu 00011 eng |
| 010 |
|
|
|a 39016518
|
| 035 |
|
|
|a (OCoLC)02619719
|
| 035 |
|
|
|9 AAD6514AM
|
| 040 |
|
|
|a DLC
|c IKM
|d TXA
|d UtOrBLW
|
| 049 |
|
|
|a TXAM
|c 1 [100661], 2 [A12990496]
|
| 050 |
|
0 |
|a PZ3.B9959
|b Re
|
| 090 |
|
|
|a PS3503.Y52
|b R43 1939
|
| 092 |
|
|
|a 813
|b B994r
|
| 100 |
1 |
|
|a Byrd, Sigman.
|
| 245 |
1 |
4 |
|a The Redlander /
|c by Sigman Byrd.
|
| 264 |
|
1 |
|a New York :
|b E. P. Dutton & company, inc.,
|c 1939.
|
| 300 |
|
|
|a 335 pages ;
|c 20 cm.
|
| 336 |
|
|
|a text
|b txt
|2 rdacontent
|
| 337 |
|
|
|a unmediated
|b n
|2 rdamedia
|
| 338 |
|
|
|a volume
|b nc
|2 rdacarrier
|
| 500 |
|
|
|a "First edition."
|
| 999 |
|
|
|a MARS
|
| 999 |
f |
f |
|s aa874c69-1378-3987-b588-698d1e7846e6
|i f8c2b368-2151-3bd5-b5e9-4dd62236d502
|t 0
|
| 952 |
f |
f |
|p ric
|a Texas A&M University
|b Rellis Campus
|c Joint Library Facility
|s JLF
|d Remote Storage
|t 0
|e PS3503.Y52 R43 1939
|h Library of Congress classification
|i unmediated -- volume
|m A14801230786
|
| 998 |
f |
f |
|a PS3503.Y52 R43 1939
|t 0
|l Remote Storage
|